000 00394nam a2200169Ia 4500
003 IT-RoPAU
008 120407s9999 xx 000 0 und d
040 _aIT-RoPAU
040 _cIT-RoPAU
245 4 _aThe sacraments. Readings in contemporary sacramental theology
245 _cAA.VV.
250 _aStaten Island, NY
260 _aAlba House
300 _c cm
490 _v1
942 _cBK
999 _c618
_d618